000 00474cam a22001457a 4500
008 180718b1978 xxu||||| |||| 00| 0 eng d
082 _aB19x54 M295
245 _aIndian Movements: some aspects of dissent protest and reform
_cedited by S.C. Malik
260 _aShimla
_bIndian Institute of Advanced Study
_c1978
300 _a296p.
650 _aSocial problems - India
650 _aIndia - Social conditions
650 _aSocial movements - India
700 _aMalik, S.C.
999 _c361111
_d361111